000 00446nam a2200193Ia 4500
008 240510s9999 xx 000 0 und d
020 _a0000675084369
041 _aEng
082 _a051
082 _bT75
100 _aTSOKOS, Chris P.
245 0 _aMainstreams of finite mathematics with applications
260 _bColumbus : Merrill
260 _c1978
300 _a496 p.
650 _amathematics
942 _2ddc
942 _cLBK
999 _c23391
_d23391
945 _a1
_bMadushi Gamage
_c1
_dMadushi Gamage